<?xml version="1.0" encoding="UTF-8"?>
<marc:record xmlns:marc="http://www.loc.gov/MARC21/slim">
   <marc:leader>00000nam a2200000 a 4500</marc:leader>
   <marc:datafield ind1="1" ind2=" " tag="100">
      <marc:subfield code="a">Brandis, Katja</marc:subfield>
      <marc:subfield code="4">aut</marc:subfield>
      <marc:subfield code="e">Verfasser/-in</marc:subfield>
   </marc:datafield>
   <marc:datafield ind1="0" ind2="0" tag="245">
      <marc:subfield code="a">Woodwalkers</marc:subfield>
   </marc:datafield>
   <marc:datafield ind1="0" ind2="0" tag="245">
      <marc:subfield code="b">die Rückkehr : das Grollen der Löwin</marc:subfield>
   </marc:datafield>
   <marc:datafield ind1="0" ind2="0" tag="245">
      <marc:subfield code="c">Katja Brandis ; Zeichnungen von Claudia Carls</marc:subfield>
   </marc:datafield>
   <marc:datafield ind1=" " ind2="1" tag="264">
      <marc:subfield code="a">Würzburg</marc:subfield>
      <marc:subfield code="b">Arena</marc:subfield>
      <marc:subfield code="c">2023</marc:subfield>
   </marc:datafield>
   <marc:datafield ind1="1" ind2=" " tag="490">
      <marc:subfield code="a">Woodwalkers - Die Rückkehr</marc:subfield>
      <marc:subfield code="v">3</marc:subfield>
   </marc:datafield>
   <marc:datafield ind1="1" ind2=" " tag="520">
      <marc:subfield code="a">Quelle: bn.bibliotheksnachrichten (http://www.biblio.at/literatur/bn/index.html); #Autor: Anita Ruckerbauer; #Ein Überfall bringt die Schüler*innen der Clearwater High in Lebensgefahr. (ab 12) (JE)#Die Gestaltwandler sind aufgeregt  endlich treffen die Gastschüler der namibischen Wanderschule bei ihnen ein. Auch ein gemeinsames Sporttunier steht auf dem Programm. Doch dieses nimmt ein jähes Ende, als sie ohne Vorwarnung von ihrer Erzfeindin, der Löwenwandlerin Youngblood, und ihren Anhänger*innen überfallen werden. Ein Kampf auf Leben und Tod beginnt.#Die Geschichte wird aus der Sicht verschiedener Protagonist*innen erzählt, wobei die Erzählungen von Pumajunge Carag dominieren. Es gilt außerdem ein Rätsel zu lösen: Ist unter den Austauschschüler*innen auch der geheimnisvolle »Herr der Gestalten« und wird er ihnen im Kampf beistehen? Auch diesmal gibt es ziemlich viele martialische Action, aber das Ende ist natürlich kindgerecht. Als Reihenergänzung zu empfehlen!</marc:subfield>
   </marc:datafield>
   <marc:datafield ind1=" " ind2=" " tag="020">
      <marc:subfield code="a">9783401606422</marc:subfield>
      <marc:subfield code="9">9783401606422</marc:subfield>
   </marc:datafield>
   <marc:datafield ind1=" " ind2=" " tag="041">
      <marc:subfield code="a">ger</marc:subfield>
   </marc:datafield>
   <marc:datafield ind1=" " ind2=" " tag="300">
      <marc:subfield code="a">315 Seiten</marc:subfield>
   </marc:datafield>
</marc:record>
